Wszystkie powiaty - wpisz wybrany - Statystyki

Ogólne statystyki
  • Ten quiz został rozwiązany 4 razy
  • Średni wynik to 120 z 380
Odpowiedzi na mapie
Odpowiedzi zakodowano w zielono-czerwonej skali na mapie do tego quizu, zgodnie z poniższymi procentami.
 
Statystyki odpowiedzi
Województwo Powiat % Poprawnych
lubelskie chełm
75%
zachodniopomorskie Koszalin
75%
kujawsko-pomorskie Włocławek
75%
podlaskie Białystok
50%
śląskie Bielsko-biała
50%
podkarpackie bieszczadzki
50%
małopolskie bocheński
50%
małopolskie brzeski
50%
podkarpackie brzozowski
50%
kujawsko-pomorskie Bydgoszcz
50%
lubelskie chełmski
50%
śląskie Chorzów
50%
śląskie cieszyński
50%
śląskie Częstochowa
50%
śląskie Dąbrowa górnicza
50%
małopolskie dąbrowski
50%
podkarpackie dębicki
50%
dolnośląskie dzierżoniowski
50%
pomorskie gdański
50%
pomorskie Gdynia
50%
wielkopolskie gnieźnieński
50%
lubuskie Gorzów Wielkopolski
50%
kujawsko-pomorskie grudziądzki
50%
podkarpackie jarosławski
50%
podkarpackie jasielski
50%
śląskie Jastrzębie-zdrój
50%
wielkopolskie kaliski
50%
pomorskie kartuski
50%
zachodniopomorskie kołobrzeski
50%
zachodniopomorskie koszaliński
50%
małopolskie Kraków
50%
małopolskie krakowski
50%
podkarpackie krośnieński
50%
podkarpackie Krosno
50%
podkarpackie łańcucki
50%
podkarpackie leski
50%
wielkopolskie leszczyński
50%
małopolskie limanowski
50%
dolnośląskie lubiński
50%
lubelskie lublin
50%
dolnośląskie lwówecki
50%
podkarpackie mielecki
50%
warmińsko-mazurskie nidzicki
50%
warmińsko-mazurskie nowomiejski
50%
małopolskie nowosądecki
50%
lubuskie nowosolski
50%
małopolskie Nowy Sącz
50%
dolnośląskie oleśnicki
50%
warmińsko-mazurskie Olsztyn
50%
łódzkie opoczyński
50%
mazowieckie Ostrołęka
50%
łódzkie pabianicki
50%
łódzkie Piotrków trybunalski
50%
warmińsko-mazurskie piski
50%
mazowieckie Płock
50%
mazowieckie płocki
50%
wielkopolskie Poznań
50%
wielkopolskie poznański
50%
podkarpackie przemyski
50%
podkarpackie Przemyśl
50%
mazowieckie Radom
50%
łódzkie rawski
50%
podkarpackie ropczycko-sędziszowski
50%
podkarpackie Rzeszów
50%
podkarpackie rzeszowski
50%
świętokrzyskie sandomierski
50%
podkarpackie sanocki
50%
kujawsko-pomorskie sępoleński
50%
łódzkie sieradzki
50%
pomorskie Słupsk
50%
pomorskie słupski
50%
pomorskie Sopot
50%
śląskie Sosnowiec
50%
zachodniopomorskie stargardzki
50%
podkarpackie strzyżowski
50%
podlaskie Suwałki
50%
lubelskie świdnicki
50%
zachodniopomorskie Świnoujście
50%
zachodniopomorskie Szczecin
50%
zachodniopomorskie szczecinecki
50%
podkarpackie tarnobrzeski
50%
małopolskie Tarnów
50%
małopolskie tarnowski
50%
małopolskie tatrzański
50%
kujawsko-pomorskie Toruń
50%
kujawsko-pomorskie toruński
50%
dolnośląskie Wałbrzych
50%
mazowieckie Warszawa
50%
mazowieckie warszawski zachodni
50%
małopolskie wielicki
50%
kujawsko-pomorskie włocławski
50%
dolnośląskie wrocławski
50%
śląskie Zabrze
50%
lubelskie zamość
50%
łódzkie zduńskowolski
50%
lubuskie Zielona Góra
50%
lubuskie zielonogórski
50%
kujawsko-pomorskie aleksandrowski
25%
podlaskie augustowski
25%
warmińsko-mazurskie bartoszycki
25%
śląskie będziński
25%
łódzkie bełchatowski
25%
lubelskie biała podlaska
25%
mazowieckie białobrzeski
25%
zachodniopomorskie białogardzki
25%
podlaskie białostocki
25%
lubelskie bialski
25%
podlaskie bielski
25%
śląskie bielski
25%
śląskie bieruńsko-lędziński
25%
lubelskie biłgorajski
25%
dolnośląskie bolesławiecki
25%
warmińsko-mazurskie braniewski
25%
kujawsko-pomorskie brodnicki
25%
opolskie brzeski
25%
łódzkie brzeziński
25%
świętokrzyskie buski
25%
kujawsko-pomorskie bydgoski
25%
śląskie Bytom
25%
pomorskie bytowski
25%
kujawsko-pomorskie chełmiński
25%
wielkopolskie chodzieski
25%
pomorskie chojnicki
25%
zachodniopomorskie choszczeński
25%
małopolskie chrzanowski
25%
mazowieckie ciechanowski
25%
wielkopolskie czarnkowsko-trzcianecki
25%
śląskie częstochowski
25%
pomorskie człuchowski
25%
zachodniopomorskie drawski
25%
warmińsko-mazurskie działdowski
25%
warmińsko-mazurskie Elbląg
25%
warmińsko-mazurskie elbląski
25%
warmińsko-mazurskie ełcki
25%
mazowieckie garwoliński
25%
pomorskie Gdańsk
25%
warmińsko-mazurskie giżycki
25%
śląskie Gliwice
25%
śląskie gliwicki
25%
dolnośląskie głogowski
25%
opolskie głubczycki
25%
warmińsko-mazurskie gołdapski
25%
zachodniopomorskie goleniowski
25%
kujawsko-pomorskie golubsko-dobrzyński
25%
małopolskie gorlicki
25%
dolnośląskie górowski
25%
lubuskie gorzowski
25%
mazowieckie gostyniński
25%
wielkopolskie gostyński
25%
podlaskie grajewski
25%
mazowieckie grodziski
25%
wielkopolskie grodziski
25%
mazowieckie grójecki
25%
kujawsko-pomorskie Grudziądz
25%
zachodniopomorskie gryficki
25%
zachodniopomorskie gryfiński
25%
podlaskie hajnowski
25%
lubelskie hrubieszowski
25%
warmińsko-mazurskie iławski
25%
kujawsko-pomorskie inowrocławski
25%
lubelskie janowski
25%
wielkopolskie jarociński
25%
dolnośląskie jaworski
25%
śląskie Jaworzno
25%
świętokrzyskie jędrzejowski
25%
dolnośląskie Jelenia Góra
25%
wielkopolskie Kalisz
25%
dolnośląskie kamiennogórski
25%
zachodniopomorskie kamieński
25%
dolnośląskie karkonoski
25%
śląskie Katowice
25%
świętokrzyskie kazimierski
25%
opolskie kędzierzyńsko-kozielski
25%
wielkopolskie kępiński
25%
warmińsko-mazurskie kętrzyński
25%
świętokrzyskie Kielce
25%
świętokrzyskie kielecki
25%
śląskie kłobucki
25%
dolnośląskie kłodzki
25%
opolskie kluczborski
25%
podkarpackie kolbuszowski
25%
podlaskie kolneński
25%
wielkopolskie kolski
25%
świętokrzyskie konecki
25%
wielkopolskie Konin
25%
wielkopolskie koniński
25%
wielkopolskie kościański
25%
pomorskie kościerski
25%
mazowieckie kozienicki
25%
opolskie krapkowicki
25%
lubelskie kraśnicki
25%
lubelskie krasnostawski
25%
lubuskie krośnieński
25%
wielkopolskie krotoszyński
25%
łódzkie kutnowski
25%
pomorskie kwidzyński
25%
łódzkie łaski
25%
pomorskie lęborski
25%
łódzkie łęczycki
25%
lubelskie łęczyński
25%
mazowieckie legionowski
25%
dolnośląskie Legnica
25%
dolnośląskie legnicki
25%
wielkopolskie Leszno
25%
podkarpackie leżajski
25%
warmińsko-mazurskie lidzbarski
25%
kujawsko-pomorskie lipnowski
25%
mazowieckie lipski
25%
zachodniopomorskie łobeski
25%
łódzkie Łódź
25%
łódzkie łódzki wschodni
25%
podlaskie Łomża
25%
podlaskie łomżyński
25%
mazowieckie łosicki
25%
łódzkie łowicki
25%
podkarpackie lubaczowski
25%
dolnośląskie lubański
25%
lubelskie lubartowski
25%
lubelskie lubelski
25%
śląskie lubliniecki
25%
lubelskie łukowski
25%
mazowieckie makowski
25%
pomorskie malborski
25%
małopolskie miechowski
25%
wielkopolskie międzychodzki
25%
lubuskie międzyrzecki
25%
śląskie mikołowski
25%
dolnośląskie milicki
25%
mazowieckie miński
25%
mazowieckie mławski
25%
kujawsko-pomorskie mogileński
25%
podlaskie moniecki
25%
warmińsko-mazurskie mrągowski
25%
małopolskie myślenicki
25%
zachodniopomorskie myśliborski
25%
śląskie Mysłowice
25%
śląskie myszkowski
25%
kujawsko-pomorskie nakielski
25%
opolskie namysłowski
25%
podkarpackie niżański
25%
mazowieckie nowodworski
25%
pomorskie nowodworski
25%
małopolskie nowotarski
25%
wielkopolskie nowotomyski
25%
opolskie nyski
25%
wielkopolskie obornicki
25%
dolnośląskie oławski
25%
warmińsko-mazurskie olecki
25%
opolskie oleski
25%
małopolskie olkuski
25%
warmińsko-mazurskie olsztyński
25%
świętokrzyskie opatowski
25%
opolskie Opole
25%
lubelskie opolski
25%
opolskie opolski
25%
warmińsko-mazurskie ostródzki
25%
mazowieckie ostrołęcki
25%
świętokrzyskie ostrowiecki
25%
mazowieckie ostrowski
25%
wielkopolskie ostrowski
25%
wielkopolskie ostrzeszowski
25%
małopolskie oświęcimski
25%
mazowieckie otwocki
25%
łódzkie pajęczański
25%
lubelskie parczewski
25%
mazowieckie piaseczyński
25%
śląskie Piekary śląskie
25%
wielkopolskie pilski
25%
świętokrzyskie pińczowski
25%
łódzkie piotrkowski
25%
wielkopolskie pleszewski
25%
mazowieckie płoński
25%
łódzkie poddębicki
25%
zachodniopomorskie policki
25%
dolnośląskie polkowicki
25%
małopolskie proszowicki
25%
opolskie prudnicki
25%
mazowieckie pruszkowski
25%
mazowieckie przasnyski
25%
podkarpackie przeworski
25%
mazowieckie przysuski
25%
śląskie pszczyński
25%
pomorskie pucki
25%
lubelskie puławski
25%
mazowieckie pułtuski
25%
zachodniopomorskie pyrzycki
25%
śląskie raciborski
25%
mazowieckie radomski
25%
łódzkie radomszczański
25%
kujawsko-pomorskie radziejowski
25%
lubelskie radzyński
25%
wielkopolskie rawicki
25%
śląskie Ruda śląska
25%
śląskie rybnicki
25%
śląskie Rybnik
25%
lubelskie rycki
25%
kujawsko-pomorskie rypiński
25%
podlaskie sejneński
25%
mazowieckie Siedlce
25%
mazowieckie siedlecki
25%
śląskie Siemianowice śląskie
25%
podlaskie siemiatycki
25%
mazowieckie sierpecki
25%
świętokrzyskie skarżyski
25%
łódzkie Skierniewice
25%
łódzkie skierniewicki
25%
zachodniopomorskie sławieński
25%
lubuskie słubicki
25%
wielkopolskie słupecki
25%
mazowieckie sochaczewski
25%
mazowieckie sokołowski
25%
podlaskie sokólski
25%
wielkopolskie średzki
25%
dolnośląskie średzki
25%
wielkopolskie śremski
25%
podkarpackie stalowowolski
25%
świętokrzyskie starachowicki
25%
pomorskie starogardzki
25%
świętokrzyskie staszowski
25%
opolskie strzelecki
25%
lubuskie strzelecko-drezdenecki
25%
dolnośląskie strzeliński
25%
lubuskie sulęciński
25%
małopolskie suski
25%
podlaskie suwalski
25%
dolnośląskie świdnicki
25%
zachodniopomorskie świdwiński
25%
lubuskie świebodziński
25%
kujawsko-pomorskie świecki
25%
śląskie Świętochłowice
25%
wielkopolskie szamotulski
25%
warmińsko-mazurskie szczycieński
25%
pomorskie sztumski
25%
mazowieckie szydłowiecki
25%
podkarpackie Tarnobrzeg
25%
śląskie tarnogórski
25%
pomorskie tczewski
25%
lubelskie tomaszowski
25%
łódzkie tomaszowski
25%
dolnośląskie trzebnicki
25%
kujawsko-pomorskie tucholski
25%
wielkopolskie turecki
25%
śląskie Tychy
25%
kujawsko-pomorskie wąbrzeski
25%
małopolskie wadowicki
25%
wielkopolskie wągrowiecki
25%
dolnośląskie wałbrzyski
25%
zachodniopomorskie wałecki
25%
warmińsko-mazurskie węgorzewski
25%
mazowieckie węgrowski
25%
pomorskie wejherowski
25%
łódzkie wieluński
25%
łódzkie wieruszowski
25%
lubelskie włodawski
25%
świętokrzyskie włoszczowski
25%
śląskie wodzisławski
25%
mazowieckie wołomiński
25%
dolnośląskie wołowski
25%
wielkopolskie wolsztyński
25%
dolnośląskie Wrocław
25%
wielkopolskie wrzesiński
25%
lubuskie wschowski
25%
podlaskie wysokomazowiecki
25%
mazowieckie wyszkowski
25%
dolnośląskie ząbkowicki
25%
lubuskie żagański
25%
podlaskie zambrowski
25%
lubelskie zamojski
25%
lubuskie żarski
25%
śląskie zawierciański
25%
łódzkie zgierski
25%
dolnośląskie zgorzelecki
25%
dolnośląskie złotoryjski
25%
wielkopolskie złotowski
25%
kujawsko-pomorskie żniński
25%
śląskie Żory
25%
mazowieckie żuromiński
25%
mazowieckie zwoleński
25%
mazowieckie żyrardowski
25%
śląskie żywiecki
25%
Nie znaleziono quizów pasujących do podanych kryteriów
Rozkład punktacji
Procent ludzi z każdym wynikiem
Percentyl według liczby udzielonych odpowiedzi
Twoja historia wyników
Nie rozwiązałeś tego quizu